000 00548nam a2200181Ia 4500
008 100920s9999 xx 000 0 und d
082 _b96171
_a891.464 न 05
100 _aप्रभावळकर दिलीप.
245 _aहाऊज दॅट.
260 _bअक्षर प्रकाशन, मुंबई.
_c2005
300 _a152
_bसाधी
365 _b125
520 _aनिबंध.
630 _aहाऊज दॅट.
650 _aनिबंध.
730 _aहाऊज दॅट.
942 _cBOOK
999 _c736611
_d736608